| 000 | 00804nam a2200229 u 4500 | ||
|---|---|---|---|
| 005 | 20231114063546.0 | ||
| 008 | 090818s2006 mx r 000 0 spa d | ||
| 020 | _a9681681770 (10 dígitos) | ||
| 020 | _a9789681681777 (13 dígitos) | ||
| 035 | _aUPN01000171905 | ||
| 049 | _aCG | ||
| 050 | 4 |
_aF1229 _bF5.3 |
|
| 245 | 0 | 0 |
_aFiestas y supersticiones de los antigüos mexicanos en la "Historia general" de Sahagún / _cintrod., selec., y ed. de notas Pilar Maynez. |
| 260 |
_aMéxico : _bFCE, _c2006. |
||
| 300 | _a201 p. | ||
| 440 | 0 | _aBiblioteca universitaria de bolsillo | |
| 651 | 4 |
_aMéxico _xVida social y costumbres _95816 |
|
| 651 | 4 |
_aMéxico _xHistoria _yDominación española, 1517-1821 _9227 |
|
| 651 | 4 |
_aMEXICO - _xRELIGION _910528 |
|
| 700 | 1 |
_aMaynez, Pilar, _eintrod. |
|
| 905 | _aLibro | ||
| 999 |
_c144009 _d144009 |
||